| 000 | 00808nam a22001937a 4500 | ||
|---|---|---|---|
| 999 |
_c7084 _d7084 |
||
| 003 | AR-CdUCM | ||
| 008 | 190319b ||||| |||| 00| 0 spa d | ||
| 040 |
_aMUNICIPALIDAD PROVINCIAL DEL CUSCO _cBIBLIOTECA MUNICIPAL DEL CUSCO |
||
| 082 |
_a536.7 / _bH54 |
||
| 100 |
_aHill, Terrell L _919948 |
||
| 245 | _aIntroducción a la termodinámica estadística / | ||
| 260 |
_aEspaña : _bParaninfo, _c1970. |
||
| 300 |
_a508 paginas ; _c22 cm. |
||
| 505 | _aContenido :Colectivos mecanoestadisticos y termodinámica -- Otros temas relacionados con colectivos y termodinámica -- Sistemas compuestos de moléculas o subsistemas independientes -- Gas monoatomico -- Cristales monoatomicos ... | ||
| 650 |
_aTermodinámica _919746 |
||
| 700 |
_aBurriel, José António _919949 |
||
| 942 |
_2ddc _cLIBROS |
||
| 945 | _arum | ||